000 00978nam a2200193Ia 4500
999 _c49191
_d49191
001 16102
003 GE_BSU
005 20241210140020.0
008 181216s2012||||ge |||||||||||||| ||geo||
040 _cGE_BSU
041 _ageo
080 _a1(479.22) ფ–56
245 _aფილოსოფიური ძიებანი (კრებული მეთექვსმეტე) = Philosophical investigations /
_cრედ. სერგი ავალიანი ; სარედ. კოლეგია ; გურამ ასათიანი, ანზორ ბრეგაძე ; საქ. ფილოსოფ. მეცნ. აკადემია.
264 _aთბილისი :
_bუნივერსალი,
_c2012.
300 _a375 გვ. ;
_c20 სმ.
653 _aფილოსოფიური ძიებანი
700 _aავალიანი, სერგი
_eრედაქტორი
_9356
942 _cBK
_2udc